01615nam a2200349 a 4500001001000000003000500010005001700015008004100032010001100073011001100084040000900095090001000104100004500114245020300159260004100362500006000403502008300463590004100546590004000587590004000627590004000667650005200707650005200759650006600811856007000877901000700947942001000954942000600964999001900970952014000989952013601129000111802CHAP20220329144229.0150817s2015 mx a fsm |||||||spa d a108263 a109235 cCHAP aTesis1 aGonzález Hernández, Amarilis912975910aEducación ambiental para la sustentabilidad :h[En línea]bestado de conocimiento 2002-2012 en las Unidades Académicas de Fitotecnia y Suelos de la UACh /cpor Amarilis González Hernández. aChapingo, Méx. :bEl autor,c2015. aPara ver el contenido del material haga clic en la liga aTesis (Maestra en Procesos Educativos) -- UACH. Centro de Educación Continua aE11695DGDb10c20170209lUCH01h1435 aE6096MTMb05c20150817lUCH01h1233 aE6096MTMb05c20150817lUCH01h1234 aE6096MTMb05c20150817lUCH01h123614aDesarrollo sustentablezMéxico (Edo.).93210414aEducación ambientalxInvestigaciones.912945514aRecursos naturalesxAdministraciónzMéxico (Edo.).995181 aFinding aiduhttp://10.13.5.2/tesis/sist111802.pdfzTeclea aquí aBK cTESIS n0 c108263d108263 00102local4053708TESISaBCbBCcPA_TESISd2015-08-17fTESISl0oTesisp33724002507892r2019-12-31 00:00:00tc.2w2019-12-31yTESIS 00104054718TESISaBCbBCd2015-08-17fTESISl0oTesisp33724002507934r2019-12-31 00:00:00w2019-12-31yTESISzRecien adquirido